Naturaleza y tendencia de las instituciones libres / (Record no. 154797)

MARC details
000 -LEADER
campo de control de longitud fija 00889nam a22002175i 4500
001 - NÚMERO DE CONTROL
campo de control 154797
003 - IDENTIFICADOR DE NÚMERO DE CONTROL
campo de control ES-MaACL
005 - FECHA Y HORA DE LA ÚLTIMA TRANSACCIÓN
campo de control 20230906205845.0
008 - DATOS DE LONGITUD FIJA--INFORMACIÓN GENERAL
campo de control de longitud fija 040713s1870 fr |||| | spa d
040 ## - FUENTE DE CATALOGACIÓN
Centro catalogador/agencia de origen CAM
Lengua de catalogación spa
Centro/agencia transcriptor CAM
100 1# - ENTRADA PRINCIPAL--NOMBRE DE PERSONA
Nombre de persona Grimke, Frederic.
9 (RLIN) 127564
245 10 - MENCIÓN DEL TÍTULO
Título Naturaleza y tendencia de las instituciones libres /
Mención de responsabilidad, etc. por Federico Grimke; traducida al español por Florentino González, con una introducción por él mismo.
260 ## - PUBLICACIÓN, DISTRIBUCIÓN, ETC.
Lugar de publicación, distribución, etc. Paris :
Nombre del editor, distribuidor, etc. librería de Rosa y Bouret,
Fecha de publicación, distribución, etc. 1870 (
Lugar de fabricación/manufactura A San Germain :
Fabricante Imprenta de L. Toinon)
300 ## - DESCRIPCIÓN FÍSICA
Extensión 2 v. (XLIII, 320; 412 p.) ;
Dimensiones 22 cm.
490 1# - MENCIÓN DE SERIE
Mención de serie Ciencia y derecho constitucional
650 #4 - PUNTO DE ACCESO ADICIONAL DE MATERIA--TÉRMINO DE MATERIA
Término de materia o nombre geográfico como elemento de entrada Instituciones públicas.
9 (RLIN) 136301
700 11 - ENTRADA AGREGADA--NOMBRE PERSONAL
Nombre de persona González, Florentino,
Término indicativo de función/relación
9 (RLIN) 127462
830 0# - PUNTO DE ACCESO ADICIONAL DE SERIE-TÍTULO UNIFORME
Título uniforme Ciencia y derecho constitucional
9 (RLIN) 221513
852 ## - LOCALIZACIÓN
Ubicación ES-MaACL
Número de control de estantería F-10454-10455
Nota libre -- Enc. tela grabada
Holdings
Estatus retirado Estado de pérdida Estado de daño No para préstamo Colección Biblioteca de origen Biblioteca actual Ubicación en estantería Fecha de adquisición Fuente de adquisición Total de préstamos Signatura topográfica completa Código de barras Visto por última vez Precio de reemplazo Tipo de ítem Koha
        Libros del s. XIX Biblioteca del Ateneo de Madrid Biblioteca del Ateneo de Madrid Sala Pecera Planta 2 17/01/2008     F-10454-10455 1161909 23/02/2023 23/02/2023 Libro impreso antiguo